00465 2200181 4500245004300000020002200043250001100065100002100076700001800097700002400115650001700139005001900156260004800175041001400223084001100237300002600248336000900274 aLaut BerceritacLeila S. ChudorihText a978-602-424-694-5 aCet. 1 aLeila S. Chudori aEndah Sulwesi aChristina M. Udiani aNovel Remaja a20231011134836 aJakartabKepustakaan Populer Gramediac2017 aIndonesia a808.83 ax, 379 hlm. :c20 cm. atext